[Event "6th Tal Memorial"]
[Site "Moscow RUS"]
[Date "2011.11.20"]
[Round "5"]
[White "Gelfand, Boris"]
[Black "Nepomniachtchi, Ian"]
[Result "1/2-1/2"]
[WhiteElo "2744"]
[BlackElo "2730"]
[Annotator "Keti Arakhamia-Grant"]
[PlyCount "124"]
[EventDate "2011.11.16"]
[Source "Mark Crowther"]
[SourceDate "2011.11.14"]

1. d4 Nf6 2. c4 g6 3. Nc3 d5 4. Bg5 Ne4 5. Bh4 Nxc3 6. bxc3 dxc4 7. e3 Be6 8.
Nf3 Bg7 9. Be2 O-O 10. O-O c5 11. Rb1 b6 {This continuation was already played
by Nepomniachtchi previously, all but in the blitz game, never the less no
doubt Gelfand was prepared for it.} ({The immediate capture on d4 is
recommended by Avrukh} 11... cxd4 12. Nxd4 Bd5 13. Qc2 Qd7 14. Rfd1 Bxd4 15.
cxd4 Qe6 {in a later game White has tried a different plan of preparing to
advance his central pawns} 16. Qc3 ({Gelfand continued} 16. Bf3 Bxf3 17. gxf3
Nd7 18. Qe4 b6 19. Rdc1 Rac8 20. Rb4 c3 21. Rb3 Nf6 22. Qxe6 fxe6 23. Bxf6 {1/
2-1/2 Gelfand,B (2733)-Kamsky,G (2732)/Kazan RUS 2011}) 16... Nd7 17. f3 Nb6
18. Rb5 f5 19. Rdb1 Rac8 20. Bd1 Na8 21. Bc2 Nc7 22. Ra5 a6 23. e4 fxe4 24.
fxe4 b5 ({I am not sure Black had to give the piece just yet, but also after} 
24... Qg4 25. Qe1 Bc6 26. d5 Bb5 27. Bxe7 {White has an advantage.}) 25. exd5
Qg4 ({after} 25... Nxd5 26. Qe1 Qb6 27. Ra3 Qxd4+ {may have three pawns for a
piece, but White's pair of bishops is very strong in this position.} 28. Bf2
Qf6 29. Be4 $16) 26. Bg3 Nxd5 27. Qd2 c3 28. Qd3 Rc4 29. Bb3 c2 30. Bxc2 Rxd4
31. Bd1 Qf5 32. Qxf5 gxf5 33. Bb3 e6 34. Rxa6 Re8 35. Ra7 f4 36. Bf2 Rd2 37.
Re1 f3 38. Bxd5 {1-0 Kazhgaleyev,M (2618)-Vakhidov,J (2348)/Tashkent UZB 2011.}
) 12. Ng5 $146 ({Previousely White tried Qc2 and capture on c5. For example} 
12. dxc5 Nd7 13. c6 ({In case of} 13. cxb6 Nxb6 14. Nd4 Bd7 {looks like Black
equalises.}) 13... Nf6 14. Nd4 Bd5 15. Bf3 Rc8 16. Bg3 ({Deserves attention} 
16. Bxf6 Bxf6 17. e4 Be6 18. Nxe6 fxe6 19. e5 Qxd1 20. Rfxd1 Bxe5 21. Rd7 Rc7
22. Re1 Bxc3 23. Rxe6 {despite being a pawn down White has some chances in the
ending.} ({or} 23. Rc1 Be5 24. Rxc4 Bd6 25. Ra4 a5 26. Rd4)) 16... Ne4 17. Nb5
(17. c7 $5 Qe8 18. Rb4 Nxg3 19. Bxd5 Bxd4 20. hxg3 Bc5 21. Rb1 Rxc7 22. Bxc4
$11) 17... Nxg3 ({why not to take the c6 pawn} 17... Rxc6 18. Qc2 f5 19. Nxa7
Rc5 $17) 18. hxg3 Bxf3 19. Qxf3 a6 20. c7 Qe8 21. Nd4 e5 22. Nc2 e4 23. Qf4 b5
24. Nd4 Qe5 25. a4 Qxf4 26. gxf4 Bxd4 27. exd4 Rxc7 28. axb5 axb5 29. Rxb5 Ra8
$11 {although White went on to win the game, 1-0 Delchev,A (2625)-Le Roux,J 
(2512)/France 2010}) 12... Bd5 13. e4 Bb7 14. d5 ({Closing the centre looks
stronger than entering the complications after} 14. Bxc4 cxd4 15. cxd4 h6 16.
Nxf7 Rxf7 17. Qg4 g5 18. Bg3 Nd7 19. Bxf7+ Kxf7 20. d5 Nf6 $13) 14... h6 ({The
alternative was to take a pawn on c3 and hope to survive White's initiative.} 
14... Bxc3 15. Bxc4 Bf6 16. f4 $44 h6 ({Reducing the number of pieces on the
board doesn't solve all the Black's problems.} 16... Ba6 17. Bxa6 Nxa6 18. e5
Bxg5 19. Bxg5 Qd7 20. f5 $1) 17. Nf3 Bxh4 18. Nxh4 e6 19. Nf3 exd5 20. exd5 Nd7
(20... Qd6 21. f5 g5 22. f6 $5) 21. Ne5 Nxe5 22. fxe5 Qh4 23. Qd3 {White has a
compensation for a pawn,but Black shold be able to hold.}) 15. Nf3 g5 16. Bg3
f5 17. exf5 Qxd5 18. Qa4 Qxf5 19. Bxc4+ Kh8 20. Rbe1 {This is a very
interesting position. Black managed to illuminate White's strong pawns centre,
but fall behind in development. White's pieces are controlling the centre and
Black's king's weakened position offers him good chances for an attack.} Nc6 (
20... Bc6 21. Bb5 (21. Qb3 Bxf3 22. Be6 Qg6 23. gxf3 Nc6 24. Bd5) 21... Qd7 22.
Ne5 Bxb5 23. Qe4 Bc6 24. Ng6+ Kg8 25. Nxe7+ Kh8) (20... Bxf3 21. gxf3 Bf6 22.
Re3 Qd7 23. Bb5 Qb7 24. Bd3 $18) 21. Re3 Rad8 ({in case of immediate} 21... e5
{White starts dangerous attack after} 22. Bd3 Qd7 23. h4 $16) 22. h4 ({
Stronger is} 22. Bc7 $5 Rde8 23. Be6 Qg6 24. Rfe1 Ra8 25. Qg4 $16) 22... e5 {
The point here is that White doesn't have Bd3 now and is unable to stop e5-e4.}
23. hxg5 e4 24. Nh4 (24. gxh6 Bxh6 25. Nh4 Qh7 26. Rfe1 (26. Re2 Bg5 {and
suddenly white knight has nowhere to go.}) 26... Bxe3 27. Rxe3 $13) 24... Qxg5
25. Bb5 ({Black is fine after} 25. Rxe4 Bxc3 26. Re6 Rf6) ({It was better to
exchange the lightsquare bishops} 25. Ba6 Bxa6 (25... Ba8 {is bad  becouse
White just takes the e4 pawn with the queen.} 26. Qxe4) 26. Qxa6 Rfe8 27. Qe2
Qd5 28. Re1) 25... Na5 26. Rfe1 c4 {Just in a few moves the assesment of the
position changed. It is now Black who has an initiative.} 27. Bxc4 Bc6 28. Qb4
Nxc4 ({White could find himself in the difficulties after} 28... Rf6 {
treatening Bf8-c5.} {The best for White could be to give an exchange now but
he would not have sufficient compensation.} 29. Rxe4 Bxe4 30. Rxe4 Bf8 31. Qb2
Nxc4 32. Rxc4 Bc5 $17) 29. Qxc4 Bd5 30. Qa4 Rf7 31. Rxe4 {I am not sure if it
was already nessasary to take such measures, as I don't beleive that White has
full compansation for an exchange.} Bxe4 32. Rxe4 Qd5 33. Kh2 b5 34. Qc2 Qh5
35. c4 bxc4 36. Rxc4 Rfd7 37. Rc5 Rd5 38. Rxd5 Rxd5 39. Qc8+ Kh7 40. Qc2+ Kg8
41. Qc8+ Bf8 42. Kh3 Qf7 43. Qa6 Rd4 44. Kh2 Rb4 45. a4 Re4 46. a5 Re6 47. Qc8
a6 48. Nf3 Qh5+ 49. Kg1 Qe8 50. Qc4 Qc6 51. Qb3 Bg7 52. Bf4 Kh7 53. Be3 Qe4 54.
Bd4 Re7 55. Bxg7 Rxg7 56. Qc3 Qb1+ 57. Kh2 Qf5 58. Kg1 Rd7 59. Qe1 Rb7 60. Kh2
Rg7 61. Nh4 Qc2 62. Qe6 Qc7+ 1/2-1/2

[Event "6th Tal Memorial"]
[Site "Moscow RUS"]
[Date "2011.11.20"]
[Round "5"]
[White "Ivanchuk, Vassily"]
[Black "Carlsen, Magnus"]
[Result "1/2-1/2"]
[WhiteElo "2775"]
[BlackElo "2826"]
[Annotator "Keti Arakhamia-Grant"]
[PlyCount "147"]
[EventDate "2011.11.16"]
[Source "Mark Crowther"]
[SourceDate "2011.11.14"]

1. d4 Nf6 2. c4 g6 3. Nc3 d5 4. Bf4 Bg7 5. e3 c5 6. dxc5 Qa5 7. Qb3 Na6 ({
According to my database this move has been played only twice before. Avrukh
in the Grandmaster Repertoire 8, on page179, considers} 7... dxc4 {to be
Black's best continuation.}) 8. cxd5 Nxc5 9. Qb5+ Qxb5 10. Bxb5+ Bd7 11. Rd1
Nh5 12. Bxd7+ Kxd7 13. Bg3 ({Why not just develop the knight?} 13. Nf3 $5 {it
is not clear to me if Black has sufficient compensation for a pawn.} Nxf4 14.
exf4 Bxc3+ 15. bxc3 f6 16. Rd4 $14) 13... b5 $1 14. d6 e6 15. Nf3 b4 16. Nb5
Nxg3 17. hxg3 Rab8 18. Nbd4 h5 19. Rh4 f5 20. Ne2 e5 (20... Ne4 21. Nd2 Nxd2
22. Rxd2 Rhc8) 21. Rc4 Rhc8 22. Kf1 Ne4 23. Rc7+ (23. Rcc1 $142) 23... Rxc7 24.
dxc7+ Kxc7 25. Nd2 Nxd2+ 26. Rxd2 a5 $15 27. b3 a4 28. bxa4 Ra8 29. Nc1 e4 30.
Ne2 Rxa4 31. Nf4 Bc3 32. Rc2 Kd6 33. Ke2 g5 34. Nxh5 Kd5 35. f3 g4 36. Nf4+ Kc4
37. Ne6 Ra6 38. Nf4 Rh6 39. fxg4 fxg4 40. Rc1 Ra6 41. Rc2 Rh6 42. Rc1 Rd6 43.
Rc2 Ra6 44. Kf2 Rh6 45. Ke2 Rh1 46. Ng6 Re1+ 47. Kf2 Ra1 48. Nf4 Rb1 49. Ne6
Rd1 50. Nf4 Rd6 51. Ke2 Rc6 52. Rc1 Kb5 53. Nd5 Rc5 54. Nf4 Rc6 55. Nd5 Rc5 56.
Nf4 Ka4 57. Ne6 Rd5 58. Rc2 Ka3 59. Nd4 Rc5 60. Nb3 Rd5 61. Nd4 Bxd4 62. Rd2
Bc3 63. Rxd5 Kxa2 64. Kd1 b3 65. Rb5 Kb2 66. Rb8 Bf6 67. Kd2 Bc3+ 68. Kd1 Bf6
69. Rf8 Bc3 70. Re8 Ka2 71. Ra8+ Kb1 72. Ra4 b2 73. Ra6 Ba5 74. Rxa5 1/2-1/2

[Event "6th Tal Memorial"]
[Site "Moscow RUS"]
[Date "2011.11.16"]
[Round "1"]
[White "Ivanchuk, Vassily"]
[Black "Svidler, Peter"]
[Result "1-0"]
[WhiteElo "2775"]
[BlackElo "2755"]
[Annotator "Keti Arakhamia-Grant"]
[PlyCount "121"]
[EventDate "2011.11.16"]
[Source "Mark Crowther"]
[SourceDate "2011.11.14"]

1. d4 Nf6 2. c4 g6 3. Nc3 d5 4. e3 {Quiet continuation, although in Ivanchuk's
hands just as dangerous.} Bg7 5. Qb3 e6 6. Qa3 a5 7. Nf3 Nc6 ({Avrukh is
suggesting a different route for a knight via a6. He plays first} 7... c6 {to
defend the a5 pawn.}) 8. Bd2 Nb4 {Svidler's idea seems very sensible since
sometimes Black wants to play c7-c5.} 9. Qa4+ (9. Qb3 c5 10. a3 Nc6 {was
played in the game Suba-Shirov, 2001}) 9... Bd7 10. Qb3 dxc4 11. Bxc4 Bc6 ({
The pawn sacrifice deserves the attention} 11... c5 12. dxc5 Bc6 13. Nb5 O-O
14. Bxb4 axb4 15. Qxb4 Nd7 {two bishops and lead in development compensate two
missing pawns} 16. Be2 Qe7 17. O-O Qxc5 18. Qxc5 Nxc5 $44) 12. a3 $146 ({Most
principled as it is challenging a bishop on c6 strait away. Previously played} 
12. Be2 O-O 13. O-O Nbd5 14. Ne5 Nxc3 15. bxc3 Ne4 16. Nxc6 bxc6 17. Rad1 {1/
2-1/2 Farago,I (2507)-Ftacnik,L (2579)/Hamburg 2004}) 12... Nbd5 ({After} 12...
Bxf3 13. gxf3 Nbd5 {White can maybe even take a pawn} 14. Qxb7 O-O 15. Nxd5
Nxd5 16. Qc6 $14) 13. Ne5 $14 O-O 14. Nxc6 bxc6 15. Qc2 {White has a slight
long term advantage of two bishops and better pawn structure.} Qe7 16. O-O c5
17. Ne2 cxd4 18. Nxd4 c5 19. Nb5 Rfc8 20. Rfd1 ({It is tempting to push the
d5-knight from his central square, but than the other knight might be heading
for the d4 square} 20. e4 Nc7 21. Nc3 Ng4 22. h3 Ne5 23. Be2 Nc6 $11) 20... Ng4
21. h3 Ne5 22. Be2 c4 23. Rac1 h5 24. Nc3 Nb6 25. Ne4 Nd5 26. Nc3 Nb6 27. Ne4
Nd5 28. Be1 Rab8 29. Kh1 Nd7 30. Rb1 Nc5 ({I am not sure why Svidler decides
to give a pawn, he could still continue manoeuvring after} 30... a4) 31. Bxc4
Nb6 32. Bb5 Nd5 33. a4 Na6 34. Qe2 Nab4 35. Rbc1 $16 Rc7 36. Nc3 Rbc8 37. Nxd5
exd5 38. Rxc7 Rxc7 39. b3 Bc3 40. Rc1 Qf6 41. Qf3 Qe5 42. Qg3 Qxg3 43. fxg3 Be5
44. Rxc7 Bxc7 45. Kg1 Nc2 46. Bd2 Bb6 47. Kf2 d4 48. e4 d3+ 49. Kf1 Ne3+ 50.
Ke1 Nxg2+ 51. Kd1 h4 52. gxh4 Nxh4 53. b4 axb4 54. Bxb4 Nf3 55. a5 Bd4 56. Be7
f5 57. exf5 gxf5 58. Bd8 Kf7 59. Bb6 Ke6 60. Bxd4 Nxd4 61. Bxd3 1-0

[Event "16th ECC w"]
[Site "Rogaska Slatina SLO"]
[Date "2011.09.29"]
[Round "5.1"]
[White "Javakhishvili, L."]
[Black "Cmilyte, V."]
[Result "1/2-1/2"]
[WhiteElo "2464"]
[BlackElo "2525"]
[Annotator "Keti Arakhamia-Grant"]
[PlyCount "67"]
[EventDate "2011.09.25"]
[Source "Mark Crowther"]
[SourceDate "2011.11.14"]
[WhiteTeam "AEM Luxten Timisoara"]
[BlackTeam "AVS"]

1. d4 Nf6 2. c4 g6 3. Nc3 d5 4. cxd5 Nxd5 5. e4 Nxc3 6. bxc3 Bg7 7. Be3 c5 8.
Nf3 Qa5 9. Qd2 Nc6 10. Rb1 a6 11. Rc1 Bg4 12. d5 Rd8 13. Bh6 $146 {According
to Avrukh this move was suggested by Krasenkov, but if I can trust my database
has not been used in practice prior to this game.} Bxh6 14. Qxh6 Bxf3 15. gxf3
Nd4 16. Bg2 e6 $1 17. Qd2 ({It must be too dangerous to take a pawn on h7 when
white king remains in the centre and position is likely to open.} 17. Qg7 Rf8
18. Qxh7 exd5) 17... Nc6 (17... Nb5 {is the continuation suggested by Avrukh,
on page 116 of the Grandmaster Repertoire-9, followed by} 18. O-O ({I think
White should play the ending after} 18. c4 Qxd2+ 19. Kxd2 Nd4 20. f4 Ke7 21. e5
b6 22. Rb1 Rb8 23. h4 f6 24. h5 {and White has his own pluses like passed
d-pawn and centrally placed king.}) 18... O-O $15) 18. Qe3 ({The difference
between knight's reatrears is prominent in case of} 18. c4 {Black has an
option of keeping queens on the board} Qa4 19. O-O Nd4 20. f4 O-O {dominant
knight in the centre and queen coordinate very well and offer Black better
chances.}) ({If White is castling that Black can relocate the knight to a
blockading d6-square after} 18. O-O O-O 19. f4 exd5 20. exd5 Nd4 21. Rfe1 Nf5)
18... Ne5 19. O-O O-O 20. c4 Nd7 ({Deserves attention the attempt to eliminate
white's strong pawn centre} 20... b5 $5 21. cxb5 (21. dxe6 fxe6 22. cxb5 Nd3
$15) 21... axb5 22. Rxc5 Nd7 23. dxe6 (23. Rc2 exd5 24. Qd2 (24. exd5 Nb6 $15)
24... b4 25. Rb2 dxe4 26. fxe4 Qe5 $11) 23... Nxc5 24. e7 Ne6 25. exf8=Q+ Rxf8
26. Rb1 Qxa2 27. Rxb5 Qa1+ 28. Bf1 Rc8 $11) 21. f4 ({White could try a pawn
sacrifice} 21. e5 $5 Qxa2 22. Rfd1 $14 {I think White has an initiative thanks
to mobile pawn centre and better coordinated pieces.} exd5 23. cxd5 Rfe8 24. f4
) 21... b5 22. f5 gxf5 (22... exf5 23. e5 Rfe8 24. e6 Qb6 25. cxb5 axb5 26.
Rfd1) 23. exf5 (23. Rfd1) 23... exf5 24. Kh1 ({At a first sight the immediate
check with the queen looks stronger, but Black should be able to hold} 24. Qg5+
Kh8 25. Qxf5 Qb6 26. Rb1 b4 $11) 24... Qb6 25. Rg1 Kh8 26. Qc3+ Qf6 27. Qxf6+
Nxf6 28. cxb5 axb5 29. Rxc5 b4 30. Rd1 Rfe8 31. d6 Re6 32. Rxf5 Rexd6 33. Rxd6
Rxd6 34. Bf3 1/2-1/2

[Event "3rd London Chess Classic"]
[Site "London ENG"]
[Date "2011.12.03"]
[Round "1"]
[White "Kramnik, Vladimir"]
[Black "Nakamura, Hikaru"]
[Result "1/2-1/2"]
[WhiteElo "2800"]
[BlackElo "2758"]
[Annotator "Keti Arakhamia-Grant"]
[PlyCount "90"]
[EventDate "2011.12.03"]
[Source "Mark Crowther"]
[SourceDate "2011.11.14"]

1. Nf3 Nf6 2. c4 e6 3. g3 d5 4. d4 dxc4 5. Bg2 Nc6 6. Qa4 Bb4+ 7. Bd2 Nd5 8.
Bxb4 Ndxb4 9. O-O Rb8 10. Na3 O-O 11. Qb5 b6 12. Qxc4 Ba6 13. Nb5 Qd5 14. Qxd5
Nxd5 15. a4 Na5 16. Ne5 Rbd8 17. Nxa7 Nb4 {That move was Kramnik's choice when
he played this position with black pieces. Avrukh also examines this
continuation in the first volume of the Grandmaster Repertoire, page 146, but
gives 17...Nb3 as a main line.} 18. Rac1 Rxd4 19. Nb5 (19. Rxc7 Bxe2 20. Rfc1
f6 21. Nec6 Naxc6 22. Nxc6 Nxc6 23. R7xc6 Rfd8 24. h3 R8d6 25. Rxd6 Rxd6 26.
Rc6 Rxc6 27. Bxc6 e5 28. f4 exf4 29. gxf4 Kf7 30. Kf2 Bc4 31. b4 g5 32. fxg5
fxg5 33. h4 gxh4 34. a5 {1/2-1/2 Anand,V (2800)-Kramnik,V (2780)/Bilbao 2010.})
19... Bxb5 20. axb5 {Avrukh comments that White's light-squared bishop gives
him an edge.} f6 21. e3 Rdd8 22. Nf3 Rf7 {Nakamura seems to be following
Romain Edouard's analyses to the Anand- Kramnik game. In his comments Edouard
mentions that variation as an improvement over previously played 21...Rd2 in
the game Prohaszka-Csonka 2010.} 23. Bh3 Re7 24. Rc3 Kf7 25. Ra1 Rd3 $11 26.
Bf1 Rxc3 27. bxc3 Nd5 28. c4 Nc3 29. c5 Rd7 30. Nd4 Ne4 31. cxb6 cxb6 32. Rc1
Nc5 33. f4 Ke7 34. Nc6+ Nxc6 35. bxc6 Ra7 36. Rd1 Rc7 37. Bg2 e5 38. fxe5 fxe5
39. Rb1 e4 40. Rxb6 Kd6 41. Rb4 Kd5 42. Rd4+ Ke5 43. Rc4 Kd5 44. Rd4+ Ke5 45.
Rc4 Kd5 1/2-1/2

[Event "European Team Championship"]
[Site "Porto Carras GRE"]
[Date "2011.11.11"]
[Round "9.3"]
[White "Leko, P."]
[Black "Topalov, V."]
[Result "1-0"]
[WhiteElo "2720"]
[BlackElo "2768"]
[Annotator "Jacob Aagaard"]
[PlyCount "81"]
[EventDate "2011.11.03"]
[EventType "team"]
[EventRounds "9"]
[EventCountry "GRE"]
[Source "Mark Crowther"]
[SourceDate "2011.11.14"]

{This line of the Grunfeld was not included in Avrukh's repertoire, but is
fascinating in its own right. It seems to us that Leko won a good game here.} 
1. d4 Nf6 2. c4 g6 3. Nc3 d5 4. cxd5 Nxd5 5. e4 Nxc3 6. bxc3 Bg7 7. Be3 c5 8.
Rc1 Qa5 9. Qd2 O-O {Avrukh recommends to take on d4 and exchange queens in his
book.} 10. Nf3 Rd8 11. d5 e6 12. Bg5 f6 13. Be3 Nc6 14. Bd3 exd5 15. exd5 c4
16. Bxc4 Be6 17. Rd1 Ne7 18. dxe6 Rxd2 19. Rxd2 Qxc3 (19... Nf5 20. Rd3 Kh8 21.
O-O {is untested and also a bit uncomfortable for Black.}) 20. Bb3 Qc1+ (20...
Qa1+ 21. Bd1 Nf5 22. O-O Qc3 23. Bb3 $18 {Lupulescu - Bukavshin, Aix-les-Bains
2011.}) 21. Rd1 Qc3+ 22. Rd2 Qc1+ 23. Rd1 Qc3+ 24. Ke2 a5 {It seems to me that
this move brings Black in trouble. The solution has already been played.} ({
Previously played was:} 24... Qb4 25. Rd3 (25. Rd4 $1 $146 {is my guess of
what Leko was intending. After} Qb5+ 26. Bc4 Qc6 {the computer gives} (26...
Qa4 27. Rhd1 Re8 28. R1d3 $14) 27. Rc1 Rc8 28. Rd3 Qe4 29. Bd5 Nxd5 30. Rxc8+
Bf8 31. Rxd5 Qxd5 32. e7 Qb5+ 33. Ke1 Qb1+ {as equal, but the feeling is that
everything is very dangerous for Black around here, and any improvement (or
just deviation from what you remember) could be catastrophic.}) 25... a5 26.
Rc1 a4 27. Rc4 Qb5 28. Rc5 Qb4 29. Rc4 Qb5 30. Rc5 Qb4 {Here White should take
the draw.} 31. Bc4 $2 Rb8 $2 (31... Bh6 $3 32. a3 Qb2+ 33. Bd2 Bxd2 34. Nxd2
Rb8 $17) 32. Rd7 Bf8 33. Rcc7 b5 (33... Qb2+ 34. Nd2 b5 $11) 34. Bd3 Qa3 35.
Nd2 (35. Rc2 $14) 35... Qxa2 36. Rxe7 Bxe7 37. Rxe7 a3 38. Bd4 Kf8 39. Bc5 Kg8
40. Bd4 Kf8 41. Bc5 Kg8 42. Ke3 $2 f5 $2 (42... Qa1 $1 $19) 43. Bd4 Kf8 44. Bc5
Kg8 45. Bd4 Kf8 46. Bf6 Rb6 47. Rf7+ Ke8 48. Re7+ Kf8 49. Rf7+ Ke8 {1/2-1/2
Pashikian - Cornette, Aix-les-Bains 2011.}) 25. Rd7 a4 26. Rc1 Qb2+ 27. Rc2 Qb1
28. Nd2 axb3 29. Nxb1 bxc2 30. Nc3 Nf5 31. Bd2 h5 $6 {Only this is new, but
already here Black is worse.} ({White also has a lasting pressure after} 31...
Re8 32. Kd3 (32. Rxb7 Nd4+ 33. Kd3 Nxe6 {is not so bad, thus the move order.})
32... b6 33. g4 Nh6 34. h3 Rxe6 35. Kxc2 f5 36. g5 Nf7 37. Nd5 Ne5 38. Rb7 Nf3
39. Ne7+ $1 $146 (39. Be3 Rd6 40. Nxb6 f4 41. Rb8+ Kf7 42. Rb7+ Kg8 43. Rb8+
Kf7 44. Rb7+ {1/2-1/2 Potkin,V (2646)-Svidler,P (2722)/Moscow 2010/CBM 140})
39... Kf8 40. Bb4 Ke8 41. Nd5 Rc6+ 42. Kb3 Bd4 43. Re7+ Kd8 44. Rxh7 Bxf2 45.
Be7+ Kc8 46. Rg7 Bg3 47. Ka4 Bd6 48. Bf6 Nd2 49. Bc3 b5+ 50. Ka5 Nc4+ 51. Kxb5
Rc5+ 52. Kb4 Rc7+ 53. Kb3 Rxg7 54. Bxg7 Nd2+ 55. Kc2 Nf3 56. Bf6 $16) 32. Kd3
$16 b5 33. e7 Re8 34. Nd5 Kf7 35. Kxc2 Rc8+ 36. Nc7 Nxe7 37. Bb4 Bf8 38. Kb3
Rb8 39. Nd5 Ke6 40. Rd6+ Ke5 41. f4+ 1-0